| 000 | 00704nam a2200229 a 4500 | ||
|---|---|---|---|
| 001 | BRCA_4998 | ||
| 005 | 20190320204909.0 | ||
| 008 | 281010s1864----mx-#######---#000-0#spa-# | ||
| 041 | _aspa | ||
| 044 | _amx | ||
| 050 | 4 |
_aND253 _b.L82 1864 |
|
| 100 | 1 |
_aLucio, Rafael _912735 |
|
| 245 | 1 | 0 |
_aReseña histórica de la pintura mexicana en los siglos XVII y XVIII _cpor Rafael Lucio. |
| 260 |
_aMéxico _bJ. Abadiano _c1864 |
||
| 300 |
_a11 p. _c21 cm. |
||
| 500 | _aIncluye una lista de los pintores mexicanos de los siglos XVII y XVIII | ||
| 500 | _aEstado físico: Encuadernación deteriorada | ||
| 500 | _aD104 | ||
| 650 | 1 | 4 |
_aPintura _xHistoria _zMéxico _912736 |
| 902 | _aGFM | ||
| 942 |
_2lcc _cB |
||
| 999 |
_c4692 _d4692 |
||